Largest City Within 200 Miles Chain - Chicago - Statistics

General Stats
  • This quiz has been taken 16 times
  • The average score is 12 of 20
Answer Stats
Population Distance
from previous
(mi)
State/Province City % Correct
905,748 168 OH Columbus
100%
639,111 166 MI Detroit
100%
887,642 164 IN Indianapolis
100%
2,983,889 42 Ontario Toronto
100%
602,551 175 Ontario Hamilton
93%
585,708 162 MD Baltimore
47%
675,647 190 MA Boston
47%
874,579 130 NC Charlotte
47%
372,624 181 OH Cleveland
47%
283,506 52 NC Durham
47%
299,035 83 NC Greensboro
47%
745,491 17 Ontario Mississauga
47%
311,549 198 NJ Newark
47%
8,804,190 77 NY New York
47%
1,603,797 126 PA Philadelphia
47%
302,971 114 PA Pittsburgh
47%
467,665 160 NC Raleigh
47%
459,470 177 VA Virginia Beach
47%
689,545 190 DC Washington
47%
700,970 8 Ontario Brampton
40%
No matching quizzes found
Score Distribution
Percent of People with Each Score
Percentile by Number Answered
Your Score History
You have not taken this quiz